| 000 | 00774nam a2200217 i 4500 | ||
|---|---|---|---|
| 001 | 107918 | ||
| 003 | ES-MaACL | ||
| 005 | 20250829080456.0 | ||
| 007 | t| | ||
| 008 | 061219s1969 sp ||||1| spa d | ||
| 080 | _a86-32"19" | ||
| 100 | 1 |
_aValle-Inclán, Ramón del, _d1866-1936 _9112796 |
|
| 245 | 1 | 0 |
_aSonata de primavera _b: Memorias del marqués de Bradomín / _cRamón del Valle-Inclán; prólogo de Alonso Zamora Vicente. |
| 260 |
_aEstella (Navarra) : _bSalvat, _c1969. |
||
| 300 |
_a140 p. ; _c19 cm. |
||
| 490 | 1 |
_aBiblioteca básica Salvat de Libros RTV ; _v24 |
|
| 700 | 1 |
_aZamora Vicente, Alonso. _9117952 |
|
| 830 | 0 | 0 |
_aBiblioteca básica Salvat de libros RTV _v24 _9185398 |
| 852 |
_aES-MaACL _jE-2945 _bR.69765 |
||
| 999 |
_c107918 _d107918 |
||